El japonés que conquistó Guadalajara (Record no. 11013)

MARC details
000 -CABECERA
campo de control de longitud fija 01208nam a22002897a 4500
001 - NÚMERO DE CONTROL
campo de control BRCA_9391
003 - IDENTIFICADOR DEL NÚMERO DE CONTROL
campo de control FranzMayer
005 - FECHA Y HORA DE LA ÚLTIMA TRANSACCIÓN
campo de control 20230918124636.0
008 - DATOS DE LONGITUD FIJA--INFORMACIÓN GENERAL
campo de control de longitud fija 230901b |||||||| |||| 00| 0 eng d
020 ## - NÚMERO INTERNACIONAL ESTÁNDAR DEL LIBRO
Número Internacional Estándar del Libro 9786074501605
040 ## - FUENTE DE LA CATALOGACIÓN
Centro catalogador/agencia de origen MFM
Lengua de catalogación ESPAÑOL
Centro/agencia transcriptor MFM
050 #0 - SIGNATURA TOPOGRÁFICA DE LA BIBLIOTECA DEL CONGRESO
Número de clasificación D247.P34
Número de documento/Ítem F35 2009
100 1# - ENTRADA PRINCIPAL--NOMBRE DE PERSONA
Código de función/relación Autor
Nombre de persona Falck Reyes, Melba
9 (RLIN) 29483
240 ## - TÍTULO UNIFORME
Título uniforme El japonés que conquistó Guadalajara
Medio La historia de Juan de Páez en la Guadalajara del siglo XVII
Lenguaje de la obra Español
245 0# - MENCIÓN DE TÍTULO
Título El japonés que conquistó Guadalajara
Resto del título La historia de Juan de Páez en la Guadalajara del siglo XVII
260 ## - PUBLICACIÓN, DISTRIBUCIÓN, ETC.
Lugar de publicación, distribución, etc. Jalisco, México
Nombre del editor, distribuidor, etc. Universidad de Guadalajara
Fecha de publicación, distribución, etc. 2009
300 ## - DESCRIPCIÓN FÍSICA
Extensión 178 p
Otras características físicas Ilustraciones a color
Dimensiones 25 cm
500 ## - NOTA GENERAL
Nota general Anexo 1
500 ## - NOTA GENERAL
Nota general Contiene una tarjeta engrapada en la primera página
505 ## - NOTA DE CONTENIDO CON FORMATO
Nota de contenido con formato Texto en: españolIncluye indice temáticoIncluye bibliografíaDirigido a: historiadores
650 1# - PUNTO DE ACCESO ADICIONAL DE MATERIA--TÉRMINO DE MATERIA
Fuente del encabezamiento o término Historia moderna
Término de materia o nombre geográfico como elemento de entrada Siglo XVII
Subdivisión de forma El nuevo mundo
9 (RLIN) 29484
651 2# - PUNTO DE ACCESO ADICIONAL DE MATERIA--NOMBRE GEOGRÁFICO
Fuente del encabezamiento o término Nueva España
Nombre geográfico Guadalajara
Subdivisión de forma JUan de Páez
9 (RLIN) 29485
700 1# - PUNTO DE ACCESO ADICIONAL--NOMBRE DE PERSONA
Código de función/relación Autor
Nombre de persona Palacios, Héctor
9 (RLIN) 29486
700 1# - PUNTO DE ACCESO ADICIONAL--NOMBRE DE PERSONA
Código de función/relación Dis.
Nombre de persona Segovia González, Verónica
9 (RLIN) 29487
700 1# - PUNTO DE ACCESO ADICIONAL--NOMBRE DE PERSONA
Código de función/relación Fot
Nombre de persona Medina, Erandi
9 (RLIN) 29488
942 ## - ELEMENTOS DE PUNTO DE ACCESO ADICIONAL (KOHA)
Fuente del sistema de clasificación o colocación Library of Congress Classification
Tipo de ítem Koha Libros
Holdings
Estado de retiro Estado de pérdida Fuente del sistema de clasificación o colocación Estado dañado No para préstamo Código de colección Localización permanente Ubicación/localización actual Fecha de adquisición Total de préstamos Signatura topográfica completa Código de barras Fecha visto por última vez Precio válido a partir de Tipo de ítem Koha
El ejemplar forma parte de la colección y puede ser consultado según las políticas vigentes.   Library of Congress Classification     Fondo Contemporáneo Biblioteca del Museo Franz Mayer (Rogerio Casas-Alatriste) Biblioteca del Museo Franz Mayer (Rogerio Casas-Alatriste) 01/09/2023   D247.P34 F35 2009 CONT10160 01/09/2023 01/09/2023 Libros